Pedologie generale; ធរណិវិទ្យាទូទៅ (Record no. 9537)
[ view plain ]
| 000 -LEADER | |
|---|---|
| fixed length control field | 00325nam a22001217a 4500 |
| 040 ## - CATALOGING SOURCE | |
| Transcribing agency | SK |
| 082 ## - DEWEY DECIMAL CLASSIFICATION NUMBER | |
| Classification number | 631 |
| 100 ## - MAIN ENTRY--AUTHOR NAME | |
| Personal name | ត្រាន់ ថាន់កាញ់ |
| 245 ## - TITLE STATEMENT | |
| Title | Pedologie generale; ធរណិវិទ្យាទូទៅ |
| 260 ## - PUBLICATION, DISTRIBUTION, ETC. (IMPRINT) | |
| Place of publication | Phnom Penh |
| Name of publisher | ត្រាន់ |
| Year of publication | 1992 |
| 300 ## - PHYSICAL DESCRIPTION | |
| Number of Pages | 145p. |
| 942 ## - ADDED ENTRY ELEMENTS (KOHA) | |
| Koha item type | សៀវភៅភាសាខ្មែរ |
| 952 ## - LOCATION AND ITEM INFORMATION (KOHA) | |
| Withdrawn status [LOCAL, KOHA] | 0 |
| 952 ## - LOCATION AND ITEM INFORMATION (KOHA) | |
| Withdrawn status [LOCAL, KOHA] | 0 |
| 952 ## - LOCATION AND ITEM INFORMATION (KOHA) | |
| Withdrawn status [LOCAL, KOHA] | 0 |
| Permanent Location | Date acquired | Koha item type | Lost status | Shelving location | Barcode | Current Location | Full call number |
|---|---|---|---|---|---|---|---|
| Library Block C | 2016-09-03 | សៀវភៅភាសាខ្មែរ | C261 | A01194 | Library Block C | 631 ត្រាន់ 1992 C261 | |
| Library Block C | 2016-09-03 | សៀវភៅភាសាខ្មែរ | C261 | A00006 | Library Block C | 631 ត្រាន់ 1992 C261 | |
| Library Block C | 2016-10-10 | សៀវភៅភាសាខ្មែរ | C167 | RUA046912 | Library Block C | 631 ត្រាន 1992 C167 |